| 000 | 01239cam a22003974a 4500 | ||
|---|---|---|---|
| 001 | 7199091 | ||
| 003 | ASAB | ||
| 005 | 20180827062609.0 | ||
| 008 | 080117s2009 stka b 001 0 eng | ||
| 010 | _a 2008002610 | ||
| 016 | 7 |
_a101464021 _2DNLM |
|
| 020 | _a9780443100826 | ||
| 020 | _a0443100829 | ||
| 035 | _a(OCoLC)ocn191090418 | ||
| 035 | _a(OCoLC)191090418 | ||
| 035 | _a(NNC)7199091 | ||
| 040 |
_aDNLM/DLC _cASAB _dNLM _dBTCTA _dYDXCP _dBWKUK |
||
| 042 | _apcc | ||
| 050 | 0 | 0 |
_aRC582 _b.P43 2009 |
| 060 | 1 | 0 |
_aQW 540 _bP357b 2009 |
| 082 | 0 | 0 |
_a616.07/9 _222 |
| 100 | 1 |
_aPeakman, Mark. _91477 |
|
| 245 | 1 | 0 |
_aBasic and clinical immunology / _cMark Peakman, Diego Vergani ; illustrated by Danny J. Pine and Martin Woodward. |
| 250 | _a2nd ed. | ||
| 260 |
_aEdinburgh ; _aNew York : _bElsevier/Churchill Livingstone, _c2009. |
||
| 300 |
_aviii, 365 p. : _bcol. ill. ; _c30 cm. |
||
| 504 | _aIncludes bibliographical references and index. | ||
| 650 | 0 |
_aClinical immunology. _91478 |
|
| 650 | 0 |
_aImmunology. _91479 |
|
| 650 | 1 | 2 |
_aImmunity. _91480 |
| 650 | 2 | 2 |
_aImmune System _xphysiology. _91481 |
| 650 | 2 | 2 |
_aImmune System Diseases. _91482 |
| 700 | 1 |
_aVergani, Diego. _91483 |
|
| 942 |
_2ddc _cBK |
||
| 999 |
_c479952 _d479952 |
||